000
00234nam a22001097a 4500
003
SGT
100
_a
TANENBAUM, A.S.
245
_a
STRUCTURED COMPUTER ORGANIZATION
250
_a
5TH E.D.
260
_a
NEW DELHI
_b
PHI
942
_2
ddc
_c
CD
999
_c
20028
_d
20028